| 000 | 00410cam a22001097a 4500 | ||
|---|---|---|---|
| 008 | 180718b1974 xxu||||| |||| 00| 0 eng d | ||
| 082 | _aL2 Un3g | ||
| 245 |
_aGuidelines for taxes treaties between developed and developing countries _cby Department of Economic and Social Affairs, U.S.A. |
||
| 260 |
_aNew York _bUnited Nations _c1974 |
||
| 300 | _a64+p. | ||
| 700 | _aU.S.A. Department of Economic and Social Affairs | ||
| 999 |
_c500530 _d500530 |
||